000 00538 a2200193 4500
001 61753
005 20260407155908.0
008 260407a1970 arg spa d
003 AR-UNSa-BCEJYS
040 _aAR-UNSa-BCEJYS
_bspa
_cAR-UNSa-BCEJYS
080 _a347.72
_xSociedades comerciales
245 1 0 _aSociedades accidentales o en participación
264 1 _aBuenos Aires :
_bCangallo
_c1970
300 _a200 p.
_c19 cm.
041 _aspa
942 _cBK
590 _aniveau_biblio:m niveau_hierar:0
100 1 _aAnaya, Jaime Luis
999 _c7405
_d7405